Normal view
MARC view
- Fluidic devices
Entry Topical Term
001 - CONTROL NUMBER
- control field: 82905
003 - CONTROL NUMBER IDENTIFIER
- control field: NUST
005 - DATE AND TIME OF LATEST TRANSACTION
- control field: 20211001112805.0
008 - FIXED-LENGTH DATA ELEMENTS
- fixed length control field: 211001|| aca||aabn | a|a d
040 ## - CATALOGING SOURCE
- Original cataloging agency: NUST
- Transcribing agency: NUST
150 ## - HEADING--TOPICAL TERM
- Topical term or geographic name entry element: Fluidic devices
670 ## - SOURCE DATA FOUND
- Source citation: Work cat.: (NUST)32523: Abgrall, Patrick. 82904, Nanofluidics /, c2009.
